|
|
|
|
| LEADER |
00000nkmaa2200000 a 4500 |
| 001 |
vtls011883506 |
| 003 |
SK-MaSNL |
| 005 |
20260331211407.0 |
| 007 |
kh ao |
| 008 |
230802n au | |||0 k|ger |
| 035 |
|
|
|a urn:nbn:sk:snk-km00ej2m
|
| 035 |
|
|
|a urn:nbn:sk:snk-km45wem
|
| 035 |
|
|
|a 106B9EBC-B262-4418-8029-E282CF0062F4
|
| 040 |
|
|
|a SNKLA
|b slo
|c SNKLA
|e AACR2
|
| 041 |
0 |
|
|a ger
|
| 044 |
|
|
|a au
|c AT
|
| 100 |
1 |
|
|a Küss, Ferdinand,
|d 1800-1886
|4 pht
|9 189478
|
| 245 |
1 |
0 |
|a [Feja-Rakovský, Dionýz]
|h grafika
|
| 260 |
|
|
|a [S.l.
|b s.n.
|c s.a.]
|
| 300 |
|
|
|a 1 fotografia
|b v hnedom tóne
|c 11 x 6 cm
|
| 520 |
2 |
|
|a Zobrazenie: Podobizeň národnokultúrneho pracovníka, právnika (1.4.1844 Rakovo - 4.3.1931 Liptovský Mikuláš).
|
| 600 |
1 |
7 |
|a Feja-Rakovský, Dionýz,
|d 1844-1931
|2 SNKMA
|9 190468
|
| 655 |
|
7 |
|a portrétne fotografie
|2 SNKPH
|9 305796
|
| 852 |
|
|
|a Slovenská národná knižnica
|b Literárny archív
|
| 852 |
7 |
|
|a Slovenská národná knižnica v Martine
|b Literárny archív
|
| 958 |
|
|
|a ZO
|
| 958 |
|
|
|a BLA
|
| 999 |
|
|
|c 690049
|d 691979
|
| 952 |
|
|
|a SNKLA
|b SNKLA
|c SNKLA_DEP
|y NEVYP
|7 0
|p 17A1310322
|o snkSF 23/1
|i snkLA 3148/1954
|0 0
|1 0
|4 0
|d 2019-08-26
|f 1
|l 0
|r 2026-02-23 20:24:34
|w 2026-02-23
|